[Event "Leipzig VfB op 19th"]
[Site "Leipzig"]
[Date "2012.03.08"]
[Round "5"]
[White "Stiefel, Roland"]
[Black "Dunne, Paul"]
[Result "1-0"]
[WhiteElo "2062"]
[BlackElo "1891"]
[PlyCount "79"]
[EventDate "2012.03.06"]
[EventType "swiss"]
[EventRounds "9"]
[EventCountry "GER"]
[SourceTitle "CBM 147 Extra"]
[Source "ChessBase"]
[SourceDate "2012.04.24"]
[SourceVersion "1"]
[SourceVersionDate "2012.04.24"]
[SourceQuality "1"]

1. d4 d5 2. Bf4 c5 3. e3 Nc6 4. c3 Qb6 5. Qb3 e6 6. Nd2 Nf6 7. Qxb6 axb6 8. Bc7 Nd7 9. Ngf3 Be7 10. Bd3 0-0 11. 0-0 c4 12. Bc2 b5 13. a3 b6 14. e4 Ra7 15. Bf4 Bb7 16. exd5 exd5 17. Rae1 h6 18. Re3 Raa8 19. Rfe1 b4 20. axb4 Bf6 21. Bf5 Ncb8 22. Bd6 Bc6 23. Bxf8 Nxf8 24. b3 cxb3 25. Nxb3 Ra3 26. Nbd2 g6 27. Bc2 Ra7 28. Bb3 b5 29. Ne5 Ba8 30. Nd3 Bg5 31. f4 Bf6 32. Re8 Nbd7 33. Ne5 Nb6 34. Rb8 Na4 35. Ra1 Kg7 36. Rxb5 Bxe5 37. fxe5 Bc6 38. Rxa4 Rc7 39. Rc5 Ne6 40. Raa5 1-0

[Event "Berlin Lichtenberger op 10th"]
[Site "Berlin"]
[Date "2011.08.21"]
[Round "9"]
[White "Schreyer, Erik"]
[Black "Stiefel, Roland"]
[Result "0-1"]
[WhiteElo "1831"]
[BlackElo "2064"]
[PlyCount "68"]
[EventDate "2011.08.13"]
[EventType "swiss"]
[EventRounds "9"]
[EventCountry "GER"]
[SourceTitle "CBM 143 Extra"]
[Source "ChessBase"]
[SourceDate "2011.08.29"]
[SourceVersion "1"]
[SourceVersionDate "2011.08.29"]
[SourceQuality "1"]

1. e4 c5 2. c3 e6 3. d4 d5 4. exd5 exd5 5. Nf3 Bd6 6. Bb5+ Nc6 7. 0-0 Nge7 8. dxc5 Bxc5 9. Qb3 0-0 10. Bg5 Be6 11. Bd3 h6 12. Bf4 Bd6 13. Bxd6 Qxd6 14. Nbd2 d4 15. c4 Rab8 16. Qc2 Qf4 17. a3 Rbc8 18. Rfe1 Rfd8 19. b4 a6 20. Nb3 b5 21. c5 Qf6 22. Nbd2 Nd5 23. Ne4 Qf4 24. Qb2 Bg4 25. Nd6 Bxf3 26. gxf3 Rc7 27. Be4 Nc3 28. Qc1 Qf6 29. Bxc6 Rxc6 30. Kg2 Nd5 31. Qd2 Nf4+ 32. Kh1 Ne6 33. Qd3 Ng5 34. Qf5 Rcxd6 0-1